000 00360nam a22001457a 4500
020 _a978-8123924373
041 _aENG
100 _aSrivastava .R.P
245 _aFruit And Vegetable Presesrvation Principles & Practices
260 _aLucknow
_bInterational Book Distributing
_c1998
300 _a443
650 _aAPE
700 _aKumar .S
856 _uAPE
999 _c466
_d466